| 000 | 00661nab a2200229 a 4500 | ||
|---|---|---|---|
| 001 | 64667 | ||
| 003 | 137351 | ||
| 005 | 20201118110151.0 | ||
| 008 | ||||||n9999 ||| || || | ||
| 041 | _aspa | ||
| 100 | _aCameron, John | ||
| 245 | 0 |
_aDebate agrario : _blas asociaciones de granjeros y el desarrollo agricola en Taiwan, su ir relevancia para otros |
|
| 260 |
_aEcuador : _bCentro Andino de Accion Popular, _c1997. |
||
| 300 | _app.183-208 | ||
| 562 | _e0 | ||
| 650 | _aCRECIMIENTO ECONÓMICO | ||
| 650 | _aDESARROLLO AGRARIO | ||
| 650 | _aREFORMA AGRARIA | ||
| 650 | _aTAIWAN | ||
| 773 |
_061485 _aEcuador debates - No.42 |
||
| 942 | _cSART | ||
| 999 |
_c64667 _d64667 |
||